Fra selvudvikling til selvafvikling - om de tolv trin og den åndelige rejse

Saved in:  
Bibliographic Details
Main Author: Christiansen, Susanne (Author)
Format: Print Article
Language:Danish
Check availability: HBZ Gateway
Interlibrary Loan:Interlibrary Loan for the Fachinformationsdienste (Specialized Information Services in Germany)
Published: [2014]
In: Kritisk forum for praktisk teologi
Year: 2014, Volume: 34, Issue: 138, Pages: 46-57

MARC

LEADER 00000naa a2200000 c 4500
001 164730136X
003 DE-627
005 20160711110730.0
007 tu
008 160711s2014 xx ||||| 00| ||dan c
035 |a (DE-627)164730136X 
035 |a (DE-576)473863138 
035 |a (DE-599)BSZ473863138 
040 |a DE-627  |b ger  |c DE-627  |e rda 
041 |a dan 
084 |a 1  |2 ssgn 
100 1 |e VerfasserIn  |0 (DE-588)1106109910  |0 (DE-627)862889529  |0 (DE-576)473851180  |4 aut  |a Christiansen, Susanne 
109 |a Christiansen, Susanne  |a Christiansen, Sanne 
245 1 0 |a Fra selvudvikling til selvafvikling - om de tolv trin og den åndelige rejse  |c Susanne Christiansen 
264 1 |c [2014] 
336 |a Text  |b txt  |2 rdacontent 
337 |a ohne Hilfsmittel zu benutzen  |b n  |2 rdamedia 
338 |a Band  |b nc  |2 rdacarrier 
773 0 8 |i Enthalten in  |t Kritisk forum for praktisk teologi  |d Frederiksberg : ANIS, 1998  |g 34(2014), 138, Seite 46-57  |w (DE-627)302720928  |w (DE-600)1492128-5  |w (DE-576)079877109  |x 0106-6749  |7 nnas 
773 1 8 |g volume:34  |g year:2014  |g number:138  |g pages:46-57 
951 |a AR 
ELC |b 1 
ITA |a 1  |t 1 
LOK |0 000 xxxxxcx a22 zn 4500 
LOK |0 001 3322387429 
LOK |0 003 DE-627 
LOK |0 004 164730136X 
LOK |0 005 20160711110730 
LOK |0 008 160711||||||||||||||||ger||||||| 
LOK |0 040   |a DE-Tue135  |c DE-627  |d DE-Tue135 
LOK |0 092   |o n 
LOK |0 852   |a DE-Tue135 
LOK |0 852 1  |9 00 
LOK |0 935   |a ixzs 
LOK |0 939   |a 11-07-16  |b l01 
ORI |a SA-MARC-ixtheoa001.raw